The structural theory of probability : (Record no. 8532)

MARC details
000 -LEADER
fixed length control field 00754cam a22002294a 4500
001 - CONTROL NUMBER
control field 12971255
003 - CONTROL NUMBER IDENTIFIER
control field OSt
005 - DATE AND TIME OF LATEST TRANSACTION
control field 20240617112656.0
008 - FIXED-LENGTH DATA ELEMENTS--GENERAL INFORMATION
fixed length control field 021017s2003 nyua b 001 0 eng
010 ## - LIBRARY OF CONGRESS CONTROL NUMBER
LC control number 2002040630
020 ## - INTERNATIONAL STANDARD BOOK NUMBER
International Standard Book Number 030647428X
040 ## - CATALOGING SOURCE
Original cataloging agency DDC
Transcribing agency MUST
082 00 - DEWEY DECIMAL CLASSIFICATION NUMBER
Classification number 519.2 ROC 2003
Edition number 22
100 1# - MAIN ENTRY--PERSONAL NAME
Personal name Rocchi, Paulo.
9 (RLIN) 17325
240 10 - UNIFORM TITLE
Uniform title <a href="etiva.">etiva.</a>
245 14 - TITLE STATEMENT
Title The structural theory of probability :
Remainder of title New ideas from computer science on the ancient problem of probability interpretation /
Statement of responsibility, etc. Paolo Rocchi.
260 ## - PUBLICATION, DISTRIBUTION, ETC. (IMPRINT)
Place of publication, distribution, etc. New York :
Name of publisher, distributor, etc. Kluwer Academic/Plenum Publishers,
Date of publication, distribution, etc. c2003.
300 ## - PHYSICAL DESCRIPTION
Extent ix, 162 p. :
Other physical details ill. ;
Dimensions 24 cm.
504 ## - BIBLIOGRAPHY, ETC. NOTE
Bibliography, etc Includes bibliographical references and indexes
650 #0 - SUBJECT ADDED ENTRY--TOPICAL TERM
Topical term or geographic name as entry element Probabilities
9 (RLIN) 2821
942 ## - ADDED ENTRY ELEMENTS (KOHA)
Source of classification or shelving scheme Dewey Decimal Classification
Koha item type Open Shelf
Holdings
Withdrawn status Lost status Source of classification or shelving scheme Damaged status Not for loan Home library Current library Date acquired Source of acquisition Inventory number Total Checkouts Full call number Barcode Date last seen Price effective from Koha item type
    Other/Generic Classification Scheme     MUST Main Library MUST Main Library 17/06/2024 Donation 05/23302   519.2 ROC 2003 2024-20631 17/06/2024 17/06/2024 Open Shelf